[Event "Pan American-ch U12 Girls"]
[Site "Montevideo"]
[Date "2022.06.26"]
[Round "1"]
[White "Gomez Gonzales, Fabiana"]
[Black "Ramos, Valentina"]
[Result "1-0"]
[WhiteElo "1394"]
[BlackElo "1088"]
[PlyCount "33"]
[EventDate "2022.06.26"]
[EventType "swiss"]
[EventRounds "9"]
[EventCountry "URU"]
[SourceTitle "EXT 2023"]
[Source "ChessBase"]
[SourceDate "2022.10.05"]
[SourceVersion "1"]
[SourceVersionDate "2022.10.05"]
[SourceQuality "1"]

1. e4 e5 2. Nf3 Nc6 3. Bc4 Bc5 4. b4 Bxb4 5. c3 Ba5 6. d4 Bb6 7. 0-0 Nf6 8. dxe5 Nxe4 9. Qd5 0-0 10. Qxe4 d6 11. Ng5 g6 12. Qh4 h6 13. Qxh6 Qxg5 14. Bxg5 Nd8 15. Bf6 Bxf2+ 16. Rxf2 Ne6 17. Qh8# 1-0